Five little Easter bunnies / (Record no. 372001)
[ view plain ]
| 000 -LEADER | |
|---|---|
| fixed length control field | 01798pam a2200469 i 4500 |
| 001 - CONTROL NUMBER | |
| control field | zcodcb b6956836 |
| 003 - CONTROL NUMBER IDENTIFIER | |
| control field | DLC |
| 005 - DATE AND TIME OF LATEST TRANSACTION | |
| control field | 20220401152447.0 |
| 008 - FIXED-LENGTH DATA ELEMENTS--GENERAL INFORMATION | |
| fixed length control field | 210419s2021 nyua a 000 1 eng |
| 010 ## - LIBRARY OF CONGRESS CONTROL NUMBER | |
| LC control number | 2021018171 |
| 020 ## - INTERNATIONAL STANDARD BOOK NUMBER | |
| International Standard Book Number | 9781547607341 |
| Qualifying information | (hardcover) |
| 040 ## - CATALOGING SOURCE | |
| Original cataloging agency | NJQ/DLC |
| Language of cataloging | eng |
| Description conventions | rda |
| Transcribing agency | DLC |
| Modifying agency | TnLvILS |
| 042 ## - AUTHENTICATION CODE | |
| Authentication code | lcac |
| -- | pcc |
| 092 ## - LOCALLY ASSIGNED DEWEY CALL NUMBER (OCLC) | |
| Classification number | childrens picture book |
| Item number | Mumford |
| 100 1# - MAIN ENTRY--PERSONAL NAME | |
| Personal name | Mumford, Martha, |
| Relator term | author. |
| 9 (RLIN) | 6444484 |
| 245 10 - TITLE STATEMENT | |
| Title | Five little Easter bunnies / |
| Statement of responsibility, etc | by Martha Mumford ; illustrated by Sarah Jennings. |
| 246 3# - VARYING FORM OF TITLE | |
| Title proper/short title | 5 little Easter bunnies. |
| 264 #1 - Production, Publication, Distribution, Manufacture, and Copyright Notice. | |
| Place of production, publication, distribution, manufacture | New York : |
| Name of producer, publisher, distributor, manufacturer | Bloomsbury Children's Books, |
| Date of production, publication, distribution, manufacture, or copyr | 2021. |
| 300 ## - PHYSICAL DESCRIPTION | |
| Extent | 1 volume (unpaged) : |
| Other physical details | color illustrations ; |
| Dimensions | 26 cm. |
| 336 ## - Content Type | |
| Content type term | text |
| 336 ## - Content Type | |
| Content type term | still image |
| 337 ## - Media type | |
| Media type term | unmediated |
| 338 ## - Carrier type | |
| Carrier type term | volume |
| 500 ## - GENERAL NOTE | |
| General note | "First published in Great Britain in February 2021 by Bloomsbury Publishing Plc"--Title page verso. |
| 520 ## - SUMMARY, ETC. | |
| Summary, etc | In rhyming text, five little rabbits set off on a lift-the-flap Easter egg hunt. |
| 521 ## - TARGET AUDIENCE NOTE | |
| Target audience note | Ages 3-6. |
| Source | Bloomsbury Children's Books. |
| 521 ## - TARGET AUDIENCE NOTE | |
| Target audience note | Grades K-1. |
| Source | Bloomsbury Children's Books. |
| 650 #0 - SUBJECT ADDED ENTRY--TOPICAL TERM | |
| Topical term or geographic name as entry element | Easter eggs |
| Form subdivision | Juvenile fiction. |
| 650 #0 - SUBJECT ADDED ENTRY--TOPICAL TERM | |
| Topical term or geographic name as entry element | Rabbits |
| Form subdivision | Juvenile fiction. |
| 9 (RLIN) | 5674643 |
| 650 #0 - SUBJECT ADDED ENTRY--TOPICAL TERM | |
| Topical term or geographic name as entry element | Stories in rhyme. |
| 650 #0 - SUBJECT ADDED ENTRY--TOPICAL TERM | |
| Topical term or geographic name as entry element | Lift-the-flap books |
| Form subdivision | Specimens. |
| 9 (RLIN) | 5716738 |
| 650 #1 - SUBJECT ADDED ENTRY--TOPICAL TERM | |
| Topical term or geographic name as entry element | Easter eggs |
| Form subdivision | Fiction. |
| 9 (RLIN) | 5674952 |
| 650 #1 - SUBJECT ADDED ENTRY--TOPICAL TERM | |
| Topical term or geographic name as entry element | Rabbits |
| Form subdivision | Fiction. |
| 9 (RLIN) | 5674645 |
| 650 #1 - SUBJECT ADDED ENTRY--TOPICAL TERM | |
| Topical term or geographic name as entry element | Counting. |
| 650 #1 - SUBJECT ADDED ENTRY--TOPICAL TERM | |
| Topical term or geographic name as entry element | Lift-the-flap books. |
| 650 #1 - SUBJECT ADDED ENTRY--TOPICAL TERM | |
| Topical term or geographic name as entry element | Toy and movable books. |
| 655 #7 - INDEX TERM--GENRE/FORM | |
| Genre/form data or focus term | Stories in rhyme. |
| Source of term | lcgft. |
| 655 #7 - INDEX TERM--GENRE/FORM | |
| Genre/form data or focus term | Lift-the-flap books. |
| Source of term | lcgft. |
| 9 (RLIN) | 5718302 |
| 655 #7 - INDEX TERM--GENRE/FORM | |
| Genre/form data or focus term | Toy and movable books. |
| Source of term | lcgft. |
| 700 1# - ADDED ENTRY--PERSONAL NAME | |
| Personal name | Jennings, Sarah, |
| Relator term | illustrator. |
| 9 (RLIN) | 6359183 |
| 942 ## - ADDED ENTRY ELEMENTS (KOHA) | |
| Source of classification or shelving scheme | Dewey Decimal Classification |
| Koha item type | BOOK |
| Withdrawn status | Lost status | Source of classification or shelving scheme | Damaged status | Not for loan | Collection code | Home library | Current library | Shelving location | Date acquired | Source of acquisition | Total Checkouts | Total Renewals | Full call number | Barcode | Checked out | Date last seen | Date checked out | Cost, replacement price | Price effective from | Koha item type |
|---|---|---|---|---|---|---|---|---|---|---|---|---|---|---|---|---|---|---|---|---|
| Dewey Decimal Classification | Children Holiday Books | Wasatch County Library | Wasatch County Library | Main Floor Childrens Area | 04/01/2022 | KidsReference | 21 | 16 | E Easter Mumford | 34301001839853 | 04/27/2026 | 02/26/2026 | 02/26/2026 | 17.99 | 04/01/2022 | BOOK |
